Elenca la formazione - Quiz n°91 - Statistics

Statistiche generali
  • Questo quiz è stato fatto 75 volte
  • Il punteggio medio è 8 su 11
Statistiche sulle risposte
Ruolo Nazione Calciatore % Corretto
Portiere Slovenia Jan Oblak
100%
Attaccante Francia Antoine Griezmann
96%
Centrocampista Spagna Koke
91%
Difensore Montenegro Stefan Savić
88%
Centrocampista Belgio Yannick Carrasco
85%
Centrocampista Spagna Saúl
84%
Attaccante Spagna Marcos Llorente
72%
Difensore Argentina Nahuel Molina
72%
Difensore Spagna Mario Hermoso
54%
Difensore Mozambico Reinildo Mandava
46%
Centrocampista Spagna Pablo Barrios
19%
Nessun quiz corrispondente trovato
Distribuzione punteggi
Percentuale di utenti per punteggio
Percentile per numero di risposta
I tuoi punteggi nel tempo
Non hai fatto questo quiz